000 00944nam a2200217 i 4500
001 189903
003 ES-MaACL
005 20250728095943.0
008 191223s1996 sp |||| | spa d
100 1 _aDíez Gómez, Paulino.
_9169234
245 1 4 _aLas tecnologías agrarias y su incidencia en el medio natural
_b: discurso leído en la sesión del día 5 de junio de 1996 para su ingreso como académico de número /
_cpor el Doctor Paulino Díez Gómez [y contestación por el Dr. Mariano Illera Martín ].
260 _aMadrid :
_bReal Academia de Ciencias Veterinarias,
_c1996.
300 _a110 p. ;
_c26 cm.
504 _aBibliografía: p. 97-101.
650 7 _aTécnicas agrícolas
_2embne
_9155853
650 4 _aResiduos ganaderos.
_9169235
700 1 _aIllera Martín, Mariano.
_965191
710 2 _aReal Academia de Ciencias Veterinarias de Madrid.
_96300
852 _aES-MaACL
_jL-32486
999 _c189903
_d189903